<?xml version="1.0" encoding="UTF-8"?>
<record
    xmlns:xsi="http://www.w3.org/2001/XMLSchema-instance"
    xsi:schemaLocation="http://www.loc.gov/MARC21/slim http://www.loc.gov/standards/marcxml/schema/MARC21slim.xsd"
    xmlns="http://www.loc.gov/MARC21/slim">

  <leader>03174nab a2200349uuc4500</leader>
  <controlfield tag="001">1468921</controlfield>
  <controlfield tag="005">20260205101827.0</controlfield>
  <controlfield tag="008">170714e20170505                    spa  </controlfield>
  <datafield tag="035" ind1=" " ind2=" ">
    <subfield code="a">1468921</subfield>
  </datafield>
  <datafield tag="040" ind1=" " ind2=" ">
    <subfield code="c">comduadb</subfield>
  </datafield>
  <datafield tag="041" ind1=" " ind2=" ">
    <subfield code="a">spa</subfield>
  </datafield>
  <datafield tag="100" ind1="1" ind2="0">
    <subfield code="a">Angarita G&#xE1;lvez, Iv&#xE1;n Javier</subfield>
    <subfield code="4">aut</subfield>
    <subfield code="e">aut</subfield>
    <subfield code="9">388862</subfield>
  </datafield>
  <datafield tag="245" ind1="1" ind2="0">
    <subfield code="a">Iniciativa para fortalecer la atenci&#xF3;n materna e infantil en un grupo de municipios en Colombia</subfield>
  </datafield>
  <datafield tag="520" ind1="3" ind2=" ">
    <subfield code="a">Objetivo: presentar los resultados de una iniciativa conjunta para mejorar la calidad de la atenci&#xF3;n en salud materna e infantil en 36 municipios colombianos. Metodolog&#xED;a: se incluyen los principales resultados de una iniciativa en salud p&#xFA;blica implementada entre 2012 y 2015 en 36 municipios. Su enfoque fue sist&#xE9;mico e incluy&#xF3; cuatro componentes: 1) elaboraci&#xF3;n y seguimiento de planes de mejoramiento continuo de la calidad de los servicios de salud materno-infantil basados en necesidades locales, involucrando actores clave municipales/departamentales; 2) evaluaci&#xF3;n indirecta de la calidad de los servicios con revisi&#xF3;n de historias cl&#xED;nicas; 3) capacitaci&#xF3;n, asistencia t&#xE9;cnica  y acompa&#xF1;amiento, y 4) retroalimentaci&#xF3;n peri&#xF3;dica de resultados a las instituciones del sistema de salud. Resultados: esta iniciativa estimul&#xF3; el mejoramiento de la calidad de atenci&#xF3;n en salud del binomio madrehijo en los municipios participantes y posiblemente incidi&#xF3; en la reducci&#xF3;n de la raz&#xF3;n de mortalidad materna en algunos territorios. Se documentan aciertos y problemas en la gesti&#xF3;n de los servicios de salud de las instituciones participantes. Discusi&#xF3;n: a pesar de las diferencias territoriales y m&#xFA;ltiples factores internos y externos que inciden en la calidad de los servicios, el enfoque propuesto puede implementarse en territorios con contextos diversos. Los cambios, positivos en la mayor&#xED;a de territorios, evidenciaron que el &#xE9;xito y la sostenibilidad de las acciones son posibles a&#xFA;n en entornos complejos, pero se requiere aplicar con rigor la metodolog&#xED;a propuesta y creatividad para formular soluciones locales.</subfield>
  </datafield>
  <datafield tag="650" ind1=" " ind2=" ">
    <subfield code="a">Servicios de salud materno infantil</subfield>
    <subfield code="9">56596</subfield>
  </datafield>
  <datafield tag="650" ind1=" " ind2=" ">
    <subfield code="a">Salud materno infantil</subfield>
    <subfield code="9">38181</subfield>
  </datafield>
  <datafield tag="650" ind1=" " ind2=" ">
    <subfield code="a">Atenci&#xF3;n perinatal</subfield>
    <subfield code="9">41596</subfield>
  </datafield>
  <datafield tag="650" ind1=" " ind2="7">
    <subfield code="a">Calidad de la atenci&#xF3;n de salud</subfield>
    <subfield code="2">dcs</subfield>
    <subfield code="9">237157</subfield>
  </datafield>
  <datafield tag="700" ind1="1" ind2="0">
    <subfield code="a">Montoya Chica, Pablo Jos&#xE9;</subfield>
    <subfield code="4">aut</subfield>
    <subfield code="e">aut</subfield>
    <subfield code="9">737618</subfield>
  </datafield>
  <datafield tag="700" ind1="1" ind2="0">
    <subfield code="a">Blanco Rojas, Ana Judith</subfield>
    <subfield code="4">aut</subfield>
    <subfield code="e">aut</subfield>
    <subfield code="9">733954</subfield>
  </datafield>
  <datafield tag="700" ind1="1" ind2="0">
    <subfield code="a">Giraldo Serna, Andrea</subfield>
    <subfield code="4">aut</subfield>
    <subfield code="e">aut</subfield>
    <subfield code="9">444767</subfield>
  </datafield>
  <datafield tag="700" ind1="1" ind2="0">
    <subfield code="a">Garz&#xF3;n Sarmiento, Mar&#xED;a F.</subfield>
    <subfield code="4">aut</subfield>
    <subfield code="e">aut</subfield>
    <subfield code="9">268528</subfield>
  </datafield>
  <datafield tag="700" ind1="1" ind2="0">
    <subfield code="a">Chavarro Ulloa, Violeta</subfield>
    <subfield code="4">aut</subfield>
    <subfield code="e">aut</subfield>
    <subfield code="9">331496</subfield>
  </datafield>
  <datafield tag="700" ind1="1" ind2="0">
    <subfield code="a">Barreto Hauzeur, Eliane</subfield>
    <subfield code="4">aut</subfield>
    <subfield code="e">aut</subfield>
    <subfield code="9">734596</subfield>
  </datafield>
  <datafield tag="700" ind1="1" ind2="0">
    <subfield code="a">Chavarro Ulloa, Carolina</subfield>
    <subfield code="4">aut</subfield>
    <subfield code="e">aut</subfield>
    <subfield code="9">334774</subfield>
  </datafield>
  <datafield tag="700" ind1="1" ind2="0">
    <subfield code="a">Rodr&#xED;guez Van der Hammen, Mar&#xED;a C.</subfield>
    <subfield code="4">aut</subfield>
    <subfield code="e">aut</subfield>
    <subfield code="9">260294</subfield>
  </datafield>
  <datafield tag="700" ind1="1" ind2="0">
    <subfield code="a">S&#xE1;nchez Coavas, Rosalina M.</subfield>
    <subfield code="4">aut</subfield>
    <subfield code="e">aut</subfield>
    <subfield code="9">362986</subfield>
  </datafield>
  <datafield tag="700" ind1="1" ind2="0">
    <subfield code="a">Artunduaga Charry, Luz &#xC1;ngela</subfield>
    <subfield code="4">aut</subfield>
    <subfield code="e">aut</subfield>
    <subfield code="9">435202</subfield>
  </datafield>
  <datafield tag="773" ind1="0" ind2=" ">
    <subfield code="t">Revista Facultad Nacional de Salud P&#xFA;blica (Medell&#xED;n)</subfield>
    <subfield code="g">Volumen 35, N&#xFA;mero 02, Mayo-Agosto 2017, p&#xE1;ginas 248-263</subfield>
    <subfield code="w">360875</subfield>
    <subfield code="z">0120386X</subfield>
    <subfield code="0">111599</subfield>
  </datafield>
  <datafield tag="856" ind1="4" ind2=" ">
    <subfield code="u">https://aprendeenlinea.udea.edu.co/revistas/index.php/fnsp/issue/view/2634/showToc</subfield>
  </datafield>
  <datafield tag="942" ind1=" " ind2=" ">
    <subfield code="c">ARIMP</subfield>
  </datafield>
  <datafield tag="999" ind1=" " ind2=" ">
    <subfield code="c">769491</subfield>
    <subfield code="d">769491</subfield>
  </datafield>
</record>
